[Event "ch-FRA Blitz Online Qual"]
[Site "Europe-Chess INT"]
[Date "2020.05.16"]
[Round "7"]
[White "Guezennec, Franck"]
[Black "Velten, Paul"]
[Result "0-1"]
[BlackTitle "GM"]
[WhiteElo "2272"]
[BlackElo "2480"]
[WhiteFideId "633550"]
[BlackFideId "681091"]
[EventDate "2020.05.16"]

1. e4 c6 2. d4 d5 3. Nc3 dxe4 4. Nxe4 Nf6 5. Nxf6+ exf6 6. c3 Bd6 7. Bd3 O-O 8.
Qc2 Re8+ 9. Ne2 h5 10. Be3 Na6 11. O-O-O Be6 12. Kb1 Nc7 13. Bh7+ Kf8 14. Bf5
Kg8 15. Rhe1 Qd7 16. Bxe6 Qxe6 17. Bc1 Qe4 18. g3 Qxc2+ 19. Kxc2 b5 20. b3 a5
21. a4 Nd5 22. Ng1 Rxe1 23. Rxe1 Nxc3 24. axb5 cxb5 25. Bd2 Nd5 26. Nf3 Rc8+ 27.
Kd3 a4 28. bxa4 bxa4 29. Ra1 a3 30. Ne1 f5 31. Nc2 Ra8 32. Ra2 Kh7 33. Kc4 Nf6
34. Bb4 Rc8+ 35. Kb3 Bxb4 36. Nxb4 Ne4 37. f3 Rc3+ 38. Ka4 Rxf3 39. Rxa3 Rf2 40.
Kb5 Rxh2 41. Rf3 g6 42. Kc6 Rd2 43. d5 Kg7 44. Nd3 Rc2+ 45. Kd7 Nf6+ 46. Kd6 Rc8
47. Nb4 Rd8+ 48. Kc5 Ne4+ 49. Kc6 Kf6 50. Nd3 Rd6+ 51. Kc7 Rxd5 52. Nf4 Rd1 53.
Kc6 Rg1 54. Ne2 Rg2 55. Re3 Rxe2 56. Rxe2 Nxg3 57. Rg2 f4 58. Kd5 Kf5 59. Kd4
Kg4 60. Kd3 f3 61. Rf2 f5 62. Ke3 f4+ 63. Kd3 g5 64. Kd4 h4 65. Ke5 h3 66. Kf6
Ne4+ 0-1

[Event "ch-FRA Blitz Online Qual"]
[Site "Europe-Chess INT"]
[Date "2020.05.16"]
[Round "7"]
[White "Bailet, Pierre"]
[Black "Le Goff, Damien"]
[Result "0-1"]
[WhiteTitle "IM"]
[BlackTitle "FM"]
[WhiteElo "2500"]
[BlackElo "2281"]
[WhiteFideId "655830"]
[BlackFideId "634808"]
[EventDate "2020.05.16"]

1. e4 e6 2. d4 d5 3. Nd2 Nc6 4. Ngf3 Nf6 5. e5 Nd7 6. Bd3 f6 7. Ng5 Ndxe5 8.
dxe5 fxg5 9. Qh5+ g6 10. Bxg6+ Kd7 11. c4 Nxe5 12. Bc2 Bd6 13. O-O Qf6 14. b4
Ng6 15. Rb1 Nf4 16. Qf3 Qh6 17. h3 c6 18. b5 Kc7 19. bxc6 bxc6 20. Ba3 Be5 21.
Rfe1 g4 22. Qxg4 Bd7 23. Rxe5 Rhg8 24. Qf3 Raf8 25. Kf1 Nxh3 26. Qxh3 Qxd2 27.
Kg1 Qxc2 28. Rbe1 Rxf2 0-1

[Event "ch-FRA Blitz Online Qual"]
[Site "Europe-Chess INT"]
[Date "2020.05.16"]
[Round "7"]
[White "Guliyev, Namig"]
[Black "Gatineau, Yovann"]
[Result "1-0"]
[WhiteTitle "GM"]
[BlackTitle "FM"]
[WhiteElo "2529"]
[BlackElo "2423"]
[WhiteFideId "13400363"]
[BlackFideId "26028999"]
[EventDate "2020.05.16"]

1. e4 e5 2. Nf3 Nc6 3. Bb5 a6 4. Ba4 Nf6 5. O-O Bc5 6. Re1 b5 7. Bb3 d6 8. c3
O-O 9. d4 Bb6 10. Be3 Bg4 11. d5 Ne7 12. Bxb6 cxb6 13. h3 Bd7 14. Nbd2 Ng6 15.
a4 bxa4 16. Bxa4 b5 17. Bc2 Qb6 18. Qe2 Nh5 19. Qe3 Qxe3 20. Rxe3 Rfc8 21. b4
Ne7 22. Bb3 f5 23. Nxe5 dxe5 24. d6+ Kf8 25. dxe7+ Kxe7 26. exf5 Kf8 27. Ne4 Nf4
28. g4 Bc6 29. Ng5 e4 30. Nxh7+ Ke7 31. Ng5 Kf6 32. Ne6 Nd3 33. f3 Bd7 34. Rxe4
Rxc3 35. Bd5 Rac8 36. Rxa6 Rc1+ 37. Kh2 R8c2+ 38. Kg3 Rg1+ 39. Kh4 Bxe6 40.
Rexe6+ Kf7 41. Ra7+ Kf8 42. Ra8+ Kf7 43. Re2+ Kf6 44. Rf8# 1-0

[Event "ch-FRA Blitz Online Qual"]
[Site "Europe-Chess INT"]
[Date "2020.05.16"]
[Round "7"]
[White "Shchekachev, Andrei"]
[Black "Boyer, Mahel"]
[Result "1-0"]
[WhiteTitle "GM"]
[BlackTitle "FM"]
[WhiteElo "2533"]
[BlackElo "2294"]
[WhiteFideId "4107730"]
[BlackFideId "45102422"]
[EventDate "2020.05.16"]

1. Nf3 Nf6 2. c4 e6 3. b3 d5 4. g3 Be7 5. Bg2 O-O 6. O-O c5 7. e3 Nc6 8. Bb2 d4
9. exd4 cxd4 10. Re1 Ng4 11. d3 f6 12. Ba3 e5 13. Bxe7 Qxe7 14. Nbd2 Nh6 15. a3
a5 16. Qc2 Nf7 17. Nh4 g5 18. Nhf3 Bg4 19. h4 h6 20. Nh2 Be6 21. Nhf3 Kg7 22.
Qb2 Bf5 23. Ne4 Bg6 24. Rab1 f5 25. Ned2 Qf6 26. hxg5 hxg5 27. b4 axb4 28. axb4
e4 29. dxe4 fxe4 30. Nxe4 Bxe4 31. Rxe4 Nd6 32. Rg4 Nxc4 33. Qc1 N6e5 34. Rxg5+
Kh8 35. Rh5+ Kg7 36. Nxe5 Nxe5 37. Qd2 Rh8 38. Rg5+ Kf7 39. f4 Ng6 40. Bd5+ Kf8
41. b5 Ne7 42. Bxb7 Ra3 43. Re1 Qh6 44. Rge5 Re3 45. R5xe3 dxe3 46. Rxe3 Qf6 47.
Bg2 Qa1+ 48. Re1 Qa7+ 49. Qe3 Qd7 50. b6 Kf7 51. b7 Qc7 52. Qe6+ Kf8 53. Qf6+
Kg8 54. Qxe7 Qb6+ 55. Qe3 Qxb7 56. Bxb7 1-0

[Event "ch-FRA Blitz Online Qual"]
[Site "Europe-Chess INT"]
[Date "2020.05.16"]
[Round "7"]
[White "Razafindratsima, Timothe"]
[Black "Wirig, Anthony"]
[Result "0-1"]
[WhiteTitle "FM"]
[BlackTitle "GM"]
[WhiteElo "2336"]
[BlackElo "2499"]
[WhiteFideId "36069884"]
[BlackFideId "615013"]
[EventDate "2020.05.16"]

1. e4 c5 2. Nf3 e6 3. d4 cxd4 4. Nxd4 a6 5. c4 Nf6 6. Nc3 Bb4 7. Qd3 d6 8. Be2
Nbd7 9. O-O Qc7 10. a3 Bxc3 11. Qxc3 Nxe4 12. Nxe6 Nxc3 13. Nxc7+ Kd8 14. bxc3
Kxc7 15. Bf4 Ne5 16. c5 f6 17. cxd6+ Kxd6 18. Rad1+ Kc7 19. Rfe1 Re8 20. Bf3 Bf5
21. Rd5 Rad8 22. Bxe5+ fxe5 23. Rxd8 Rxd8 24. Rxe5 Bd7 25. Re7 Re8 26. Rxe8 Bxe8
27. Be4 h6 28. f4 b6 29. Kf2 Kd6 30. Ke3 Kc5 31. Bd3 a5 32. g4 Bd7 33. f5 Bc6
34. h4 Bd5 35. Kf4 Kd6 36. g5 hxg5+ 37. hxg5 Bb3 38. g6 Bd5 39. Be4 Bc4 40. Bb7
Bb3 41. Bc8 Bd5 42. Kg5 Ke5 43. Ba6 Be4 44. Bc8 Bd5 45. Bd7 Bc4 46. a4 Bb3 47.
Bb5 Bc2 48. Bd7 Bd3 49. Be6 Be4 50. Bd7 Bc2 51. Bb5 Bxf5 52. Be8 Bd3 53. Bf7 Be4
54. Be8 Kd6 55. Kf4 Bc2 56. Ke3 Ke7 57. Bf7 Bxa4 58. Kd4 Kd6 59. c4 Bc6 60. Bg8
Be8 61. Bh7 Ke6 62. c5 bxc5+ 63. Kxc5 Kf6 64. Bg8 Kxg6 65. Kb6 a4 66. Ka5 Kf5
67. Ba2 g5 68. Kb4 g4 69. Bb1+ Kf4 0-1

[Event "ch-FRA Blitz Online Qual"]
[Site "Europe-Chess INT"]
[Date "2020.05.16"]
[Round "7"]
[White "Le Huec, Marc"]
[Black "Joie, Sebastien"]
[Result "1-0"]
[BlackTitle "IM"]
[WhiteElo "2213"]
[BlackElo "2393"]
[WhiteFideId "624829"]
[BlackFideId "650420"]
[EventDate "2020.05.16"]

1. d4 d5 2. c4 c6 3. Nf3 Nf6 4. Nc3 dxc4 5. a4 e6 6. Ne5 c5 7. e3 cxd4 8. exd4
Nc6 9. Nxc6 bxc6 10. Bxc4 a5 11. O-O Bb4 12. Bg5 h6 13. Bh4 Ba6 14. Bxa6 Rxa6
15. Ne4 g5 16. Nxf6+ Qxf6 17. Bg3 O-O 18. Be5 Qg6 19. Qe2 Rb6 20. Rac1 Rc8 21.
Rc4 Bf8 22. Rfc1 Rb4 23. Rxb4 Bxb4 24. Qf3 c5 25. dxc5 Bxc5 26. Bc3 Qf5 27. Qxf5
exf5 28. Bd4 1-0

[Event "ch-FRA Blitz Online Qual"]
[Site "Europe-Chess INT"]
[Date "2020.05.16"]
[Round "7"]
[White "Delorme, Alban"]
[Black "Polivanov, Anatoliy"]
[Result "1/2-1/2"]
[WhiteTitle "FM"]
[BlackTitle "IM"]
[WhiteElo "2322"]
[BlackElo "2452"]
[WhiteFideId "623636"]
[BlackFideId "14109468"]
[EventDate "2020.05.16"]

1. d4 e6 2. Nf3 f5 3. g3 Nf6 4. Bg2 g6 5. O-O Bg7 6. c4 O-O 7. Nc3 d6 8. Bg5 h6
9. Bxf6 Qxf6 10. Qb3 e5 11. c5+ Kh8 12. Nh4 c6 13. dxe5 dxe5 14. Rad1 Nd7 15.
Rd6 Nxc5 16. Rxf6 Nxb3 17. Nxg6+ Kh7 18. Nxf8+ Kg8 19. Nd7 Bxd7 20. Rd6 Nc5 21.
b4 Bf8 22. bxc5 Bxd6 23. cxd6 a5 24. a4 Rb8 25. Rb1 b5 26. axb5 cxb5 27. f4 e4
28. g4 b4 29. Nd5 Kf7 30. Ne3 a4 31. Nc4 Be6 32. Ne5+ Kf6 33. gxf5 Bxf5 34. d7
a3 35. Nc6 a2 36. Rd1 b3 37. Nxb8 Bxd7 38. Nxd7+ Ke7 39. Nb6 b2 40. Nd5+ Kf8 41.
Bxe4 a1=Q 42. Nc3 Qa5 43. Nd5 Qc5+ 44. Kg2 Qc1 45. Ne3 Qxe3 46. Bd3 Qc1 47. Rf1
Qc6+ 48. Kf2 Qc5+ 49. e3 Qa3 50. Ke2 Qa2 51. Rb1 Qa3 52. Kd2 Qb4+ 53. Kc2 Qc5+
54. Kd2 Qb4+ 55. Kc2 Qc5+ 56. Kd2 Qb4+ 1/2-1/2

[Event "ch-FRA Blitz Online Qual"]
[Site "Europe-Chess INT"]
[Date "2020.05.16"]
[Round "7"]
[White "Efimov, Igor"]
[Black "Buksa, Nataliya"]
[Result "0-1"]
[WhiteTitle "GM"]
[BlackTitle "IM"]
[WhiteElo "2409"]
[BlackElo "2410"]
[WhiteFideId "806404"]
[BlackFideId "14123622"]
[EventDate "2020.05.16"]

1. d4 d5 2. Bg5 Nf6 3. Nd2 g6 4. e3 Bg7 5. c4 c6 6. Bd3 O-O 7. Rc1 Bg4 8. Qc2
dxc4 9. Nxc4 Nbd7 10. h3 Be6 11. Ne2 Bxc4 12. Bxc4 Qa5+ 13. Nc3 Qxg5 14. O-O e5
15. d5 Nb6 16. dxc6 Nxc4 17. cxb7 Rab8 18. Qa4 Nxe3 19. fxe3 Qxe3+ 20. Kh2 Rxb7
21. Rce1 Qd4 22. Qc2 Rfb8 23. Nd1 Nh5 24. b3 Nf4 25. Nf2 f5 26. Rd1 Qb6 27. g3
Ne6 28. Qc4 Kh8 29. Nd3 e4 30. Ne1 Rc7 31. Qd5 Rc5 32. Qd7 Rd8 0-1

[Event "ch-FRA Blitz Online Qual"]
[Site "Europe-Chess INT"]
[Date "2020.05.16"]
[Round "7"]
[White "Valles Moreno, Ivan"]
[Black "Devallee, Jeremie"]
[Result "1-0"]
[WhiteTitle "IM"]
[BlackTitle "FM"]
[WhiteElo "2417"]
[BlackElo "2230"]
[WhiteFideId "2205688"]
[BlackFideId "665240"]
[EventDate "2020.05.16"]

1. Nf3 g6 2. d4 Bg7 3. e4 c5 4. c4 e6 5. Nc3 cxd4 6. Nxd4 a6 7. Be2 Nc6 8. Be3
Nge7 9. O-O O-O 10. Rc1 d5 11. cxd5 exd5 12. exd5 Nxd5 13. Nxd5 Qxd5 14. Nxc6
bxc6 15. b3 Be6 16. Bc4 Qxd1 17. Rfxd1 Rfe8 18. Rd6 Bxc4 19. Rxc4 a5 20. Rdxc6
Red8 21. Kf1 Rd1+ 22. Ke2 Rh1 23. Rc8+ 1-0

[Event "ch-FRA Blitz Online Qual"]
[Site "Europe-Chess INT"]
[Date "2020.05.16"]
[Round "7"]
[White "Mallassagne, Francois-Eric"]
[Black "Villegas, Pierre"]
[Result "0-1"]
[BlackTitle "IM"]
[WhiteElo "2163"]
[BlackElo "2364"]
[WhiteFideId "620025"]
[BlackFideId "654183"]
[EventDate "2020.05.16"]

1. d4 Nf6 2. Nf3 d5 3. Bg5 Nbd7 4. Nbd2 e6 5. e3 Be7 6. Bd3 b6 7. c3 h6 8. Bh4
Bb7 9. Rc1 O-O 10. Bb1 Ne4 11. Bxe7 Qxe7 12. Nxe4 dxe4 13. Nd2 f5 14. O-O e5 15.
a3 c5 16. Ba2+ Kh7 17. d5 Nf6 18. h3 Rad8 19. c4 Ne8 20. Re1 Nd6 21. Qa4 Bc8 22.
Bb1 Rf6 23. g4 Rg6 24. Kh2 Qh4 25. Rg1 Qxf2+ 26. Rg2 Qxe3 27. Rcg1 fxg4 28. hxg4
Qf4+ 29. Kh1 Rxg4 30. Rxg4 Bxg4 31. Qc2 Bf5 32. Qd1 Qh4+ 33. Kg2 Rf8 34. Nf1
Qh3+ 35. Kf2 Bg4+ 36. Ke1 Bxd1 0-1

[Event "ch-FRA Blitz Online Qual"]
[Site "Europe-Chess INT"]
[Date "2020.05.16"]
[Round "7"]
[White "Bujisho, Benjamin"]
[Black "Pigeat, Alexandre"]
[Result "1-0"]
[WhiteTitle "IM"]
[BlackTitle "FM"]
[WhiteElo "2290"]
[BlackElo "2293"]
[WhiteFideId "608610"]
[BlackFideId "20649444"]
[EventDate "2020.05.16"]

1. d4 d5 2. c4 c6 3. cxd5 cxd5 4. Nc3 Nc6 5. Bf4 a6 6. e3 Nf6 7. Bd3 e6 8. Rc1
Bd6 9. Bxd6 Qxd6 10. f4 b5 11. Nf3 Bb7 12. O-O Ne7 13. Ne5 O-O 14. Qf3 Rac8 15.
h3 b4 16. Na4 Ne4 17. Bxe4 dxe4 18. Qe2 Bd5 19. b3 f6 20. Ng4 Nf5 21. Qd2 Bc6
22. Nc5 Bb5 23. Rfe1 a5 24. Nf2 Bc6 25. Rc2 e5 26. dxe5 fxe5 27. Qxd6 Nxd6 28.
fxe5 Nb5 29. Ncxe4 Bxe4 30. Rxc8 Rxc8 31. Nxe4 Re8 32. Nd6 Rxe5 33. Nxb5 Rxb5
34. e4 Kf7 35. Kf2 Rc5 36. Kf3 Rc3+ 37. Re3 Rc1 38. Re2 Ke6 39. Rd2 Ra1 40. Ke3
h6 41. Kd4 Rc1 42. h4 g5 43. hxg5 hxg5 44. g4 Rg1 45. Rc2 Rxg4 46. Rc6+ Kd7 47.
Ra6 Rg2 48. Rxa5 g4 49. Rg5 g3 50. Kc4 Re2 51. Kxb4 Rxe4+ 52. Kc5 Re2 53. a4 g2
54. Kb4 Re4+ 55. Ka3 Re2 56. a5 Kc7 57. Ka4 Kb7 58. b4 Ra2+ 59. Kb5 Rf2 60. Rg7+
Kb8 61. a6 Ka8 62. Ka5 Re2 63. b5 Rf2 64. Rg8+ 1-0

[Event "ch-FRA Blitz Online Qual"]
[Site "Europe-Chess INT"]
[Date "2020.05.16"]
[Round "7"]
[White "Di Nicolantonio, Lucas"]
[Black "Hutois, Mickael"]
[Result "0-1"]
[WhiteTitle "IM"]
[BlackTitle "FM"]
[WhiteElo "2414"]
[BlackElo "2261"]
[WhiteFideId "680460"]
[BlackFideId "652091"]
[EventDate "2020.05.16"]

1. f4 g6 2. Nf3 Bg7 3. g3 d6 4. Bg2 Nd7 5. O-O Ngf6 6. d3 O-O 7. e4 e5 8. Nc3 c6
9. h3 b5 10. f5 b4 11. Ne2 d5 12. Nh4 dxe4 13. dxe4 Nc5 14. Qxd8 Rxd8 15. Bg5
Rd6 16. a3 b3 17. Nc3 bxc2 18. Rf2 Ba6 19. Be3 Ncxe4 20. Nxe4 Rd1+ 21. Kh2 Nxe4
22. Bxe4 Rxa1 23. Rxc2 Rd8 24. f6 Bxf6 25. Rxc6 Bd3 26. Bg2 Bxh4 27. gxh4 Ra2
28. Bg5 Rb8 29. Bf6 Raxb2 30. Bxe5 Be4 31. Bxb2 Rxb2 32. Rc8+ Kg7 33. Kg3 Bxg2
34. Rc7 a6 35. a4 Ra2 36. a5 Bf1 37. Rc5 Bb5 38. h5 Rxa5 39. hxg6 hxg6 40. h4
Ra3+ 41. Kf4 Ra4+ 42. Kg3 Bd7 43. h5 gxh5 44. Rxh5 Kg6 0-1

[Event "ch-FRA Blitz Online Qual"]
[Site "Europe-Chess INT"]
[Date "2020.05.16"]
[Round "7"]
[White "Sahetchian, Armand"]
[Black "Riff, Vincent"]
[Result "1-0"]
[BlackTitle "FM"]
[WhiteElo "2117"]
[BlackElo "2405"]
[WhiteFideId "607150"]
[BlackFideId "617776"]
[EventDate "2020.05.16"]

1. d4 Nf6 2. Nf3 c5 3. d5 d6 4. c4 e5 5. dxe6 Bxe6 6. Nc3 Nc6 7. e4 Be7 8. h3
O-O 9. Be2 Nd7 10. O-O Nde5 11. b3 Nxf3+ 12. Bxf3 Bf6 13. Bb2 Nd4 14. Rb1 Qd7
15. Nd5 Bxd5 16. exd5 Rfe8 17. Bg4 Qc7 18. Qd3 a5 19. Rfe1 g6 20. Bc3 h5 21. Bf3
b6 22. Bxd4 Bxd4 23. g4 h4 24. Kg2 Qd8 25. Re4 Qf6 26. Rbe1 Rxe4 27. Rxe4 Kg7
28. Qd2 Ra7 29. g5 Qf5 30. Rxh4 Re7 31. Rf4 Qxg5+ 32. Kf1 f5 33. Rxd4 Qf6 34.
Rd3 Qh4 35. Kg2 f4 36. Qc3+ Re5 37. Bg4 Qf6 38. Rf3 g5 39. Qc2 Re1 40. Rd3 Kh6
41. Qd2 Qa1 42. h4 Rg1+ 43. Kf3 Qf1 44. hxg5+ Kg7 45. Kxf4 Rg2 46. Qc3+ Kg8 47.
Be6+ Kh7 48. Rh3+ Kg6 49. Rh6# 1-0

[Event "ch-FRA Blitz Online Qual"]
[Site "Europe-Chess INT"]
[Date "2020.05.16"]
[Round "7"]
[White "Jolly, Jean-Francois"]
[Black "Zachary, Matheo"]
[Result "0-1"]
[WhiteTitle "IM"]
[BlackTitle "FM"]
[WhiteElo "2378"]
[BlackElo "2334"]
[WhiteFideId "634751"]
[BlackFideId "26024691"]
[EventDate "2020.05.16"]

1. c4 c5 2. Nf3 Nf6 3. d4 cxd4 4. Nxd4 Nc6 5. Nc3 g6 6. e4 Bg7 7. Be3 Ng4 8.
Qxg4 Nxd4 9. Qd1 Ne6 10. Rc1 O-O 11. Bd3 d6 12. O-O Nc5 13. Bb1 Be6 14. b3 Rc8
15. Re1 a6 16. a4 Qb6 17. Ba2 Qa5 18. Nd5 Rfe8 19. Bd2 Qd8 20. Bb1 Bd7 21. a5
Bc6 22. f3 b5 23. axb6 Bxd5 24. exd5 Qxb6 25. b4 Nb3+ 26. Be3 Qxb4 27. Rc2 a5
28. Ba2 a4 29. Bf2 Rxc4 30. Rce2 Rc7 31. Re4 Qb7 32. Rxa4 Nc5 33. Ra3 Ra8 34.
Rxa8+ Qxa8 35. Bc4 h5 36. Bb5 Qa2 37. Bf1 Rb7 38. f4 Rb2 39. Qf3 e6 40. dxe6
Nxe6 41. f5 Rxf2 42. fxe6 Rxf3 43. e7 Bd4+ 44. Kh1 Rxf1+ 45. Rxf1 Qe6 0-1

[Event "ch-FRA Blitz Online Qual"]
[Site "Europe-Chess INT"]
[Date "2020.05.16"]
[Round "7"]
[White "Lucas, Arthur"]
[Black "Navrotescu, Catalin"]
[Result "1-0"]
[WhiteTitle "FM"]
[BlackTitle "IM"]
[WhiteElo "2283"]
[BlackElo "2348"]
[WhiteFideId "26093073"]
[BlackFideId "1200208"]
[EventDate "2020.05.16"]

1. e4 c5 2. Nc3 Nc6 3. Bb5 Nd4 4. Nf3 a6 5. Bd3 Nc6 6. O-O e6 7. b3 Nf6 8. Bb2
Be7 9. Re1 d5 10. Bf1 O-O 11. d4 dxe4 12. Nxe4 Nxe4 13. Rxe4 Bf6 14. Rb1 b6 15.
c4 Bb7 16. Rg4 cxd4 17. Nxd4 Ne5 18. Rg3 Qe7 19. Nc2 Rad8 20. Qe1 Ng6 21. Bxf6
Qxf6 22. Be2 e5 23. Bf3 Bxf3 24. Rxf3 Qe6 25. Rd1 f5 26. Rfd3 Rxd3 27. Rxd3 e4
28. Rd1 Nf4 29. Nd4 Qg6 30. g3 Nd3 31. Qe2 Rd8 32. Nc2 Qf6 33. Ne3 g6 34. Nd5
Qd4 35. Qe3 Qxe3 36. Nxe3 b5 37. Kf1 bxc4 38. Nxc4 Rc8 39. Ke2 Kf8 40. f3 Ke7
41. fxe4 fxe4 42. Ke3 Nb4 43. Rd2 Ke6 44. Kxe4 Rc6 45. Ke3 Nd5+ 46. Kd3 Kf6 47.
Kc2 Nb6 48. Rd6+ Rxd6 49. Nxd6 Ke5 50. Nc4+ Nxc4 51. bxc4 Kd4 52. Kb3 a5 53. g4
g5 54. h3 h6 55. Ka4 Kxc4 56. Kxa5 Kc5 57. a4 Kc6 58. Kb4 Kb6 59. Kc4 Ka5 60.
Kd5 Kxa4 61. Ke5 Kb4 62. Kf5 Kc4 63. Kg6 Kd4 64. Kxh6 1-0

[Event "ch-FRA Blitz Online Qual"]
[Site "Europe-Chess INT"]
[Date "2020.05.16"]
[Round "7"]
[White "Muller, Anthony"]
[Black "Bressy, Theo"]
[Result "0-1"]
[BlackTitle "FM"]
[WhiteElo "2278"]
[BlackElo "2289"]
[WhiteFideId "20682743"]
[BlackFideId "26022842"]
[EventDate "2020.05.16"]

1. d4 d5 2. c4 c6 3. Nf3 Nf6 4. Nc3 dxc4 5. a4 Bf5 6. e3 e6 7. Bxc4 Bb4 8. O-O
O-O 9. Qe2 Bg4 10. h3 Bh5 11. Rd1 Nbd7 12. e4 Qc7 13. e5 Nd5 14. Nxd5 cxd5 15.
Bd3 h6 16. g4 Bg6 17. Bd2 Bxd2 18. Qxd2 Rac8 19. Qb4 Qb6 20. Qxb6 Nxb6 21. Kg2
Bxd3 22. Rxd3 Rc2 23. Rb3 Rc7 24. a5 Nc4 25. Rc3 Rfc8 26. Ra2 Rc6 27. Kf1 b6 28.
axb6 axb6 29. Ke2 Kf8 30. Ne1 Na5 31. Kd3 Rc4 32. Nc2 Ke7 33. Ne3 Rxc3+ 34. bxc3
g5 35. f3 f6 36. exf6+ Kxf6 37. Rb2 Rc6 38. Rb5 Kg6 39. Rb4 Kf6 40. c4 dxc4+ 41.
Nxc4 Nxc4 42. Rxc4 Rxc4 43. Kxc4 e5 44. d5 Ke7 45. Kb5 Kd6 46. Kxb6 Kxd5 47. Kc7
e4 48. fxe4+ Kxe4 49. Kd6 Kf4 50. Ke6 Kg3 0-1

[Event "ch-FRA Blitz Online Qual"]
[Site "Europe-Chess INT"]
[Date "2020.05.16"]
[Round "7"]
[White "Macon, Arthur"]
[Black "Alloui-Cros, Baptiste"]
[Result "1-0"]
[WhiteTitle "FM"]
[WhiteElo "2310"]
[BlackElo "2139"]
[WhiteFideId "20654707"]
[BlackFideId "20699824"]
[EventDate "2020.05.16"]

1. Nf3 Nf6 2. g3 g6 3. Bg2 Bg7 4. O-O O-O 5. b3 d6 6. d4 Bf5 7. Bb2 c6 8. c4 Re8
9. Nc3 Ne4 10. Nh4 Nxc3 11. Bxc3 Bg4 12. h3 Bd7 13. e4 Qc8 14. Kh2 c5 15. Rc1
Nc6 16. d5 Nd4 17. Nf3 Nxf3+ 18. Qxf3 b5 19. cxb5 Bxb5 20. Rfe1 Bxc3 21. Qxc3 e5
22. dxe6 fxe6 23. e5 d5 24. Qxc5 Rf8 25. Qxb5 Qd8 26. f4 Qe7 27. Qc5 Qg7 28. Qc7
Qh6 29. Qc3 Rae8 30. Qe3 Kh8 31. h4 Qh5 32. Qf3 Qh6 33. Qg4 Rf5 34. Rc7 Rg8 35.
Rec1 g5 36. Rc8 Qg7 37. Rxg8+ Qxg8 38. hxg5 h6 39. Qh4 1-0

[Event "ch-FRA Blitz Online Qual"]
[Site "Europe-Chess INT"]
[Date "2020.05.16"]
[Round "7"]
[White "Cahen, Alexis"]
[Black "Claverie, Christophe"]
[Result "0-1"]
[BlackTitle "IM"]
[WhiteElo "2122"]
[BlackElo "2304"]
[WhiteFideId "26076918"]
[BlackFideId "605514"]
[EventDate "2020.05.16"]

1. e4 c5 2. Ne2 Nc6 3. c4 g6 4. Nbc3 Bg7 5. g3 d6 6. Bg2 e6 7. d3 Nge7 8. O-O
O-O 9. Rb1 Qd7 10. a3 b6 11. b4 Bb7 12. Be3 Nd4 13. f4 f5 14. Qd2 Rad8 15. Bxd4
cxd4 16. Nb5 Nc6 17. exf5 gxf5 18. Qb2 e5 19. Bd5+ Kh8 20. a4 a6 21. Na3 Ne7 22.
Bxb7 Qxb7 23. Rbc1 Ng6 24. Nc2 Rde8 25. Rce1 e4 26. Nexd4 exd3 27. Ne3 Re4 28.
Nexf5 Rxf5 29. Rxe4 Qxe4 30. Qg2 Bxd4+ 31. Kh1 Qxg2+ 32. Kxg2 Bc3 33. Rd1 d2 34.
Kf3 Bxb4 35. Ke4 Rc5 36. Kd3 Ne7 37. g4 Nc6 38. h4 Kg7 39. Ke4 Rxc4+ 40. Kf5 Rc1
41. Rxd2 Bxd2 42. g5 Re1 43. h5 Ne7+ 44. Kg4 Re4 45. h6+ Kg6 46. a5 Rxf4+ 47.
Kh3 bxa5 48. Kg3 a4 49. Kh3 Nf5 50. Kg2 a3 51. Kh3 a2 52. Kg2 a1=Q 53. Kh2 Qe1
54. Kg2 Qg3+ 55. Kh1 Rf1# 0-1

[Event "ch-FRA Blitz Online Qual"]
[Site "Europe-Chess INT"]
[Date "2020.05.16"]
[Round "7"]
[White "Joly, Julien"]
[Black "Miralles, Gilles"]
[Result "1/2-1/2"]
[BlackTitle "GM"]
[WhiteElo "2188"]
[BlackElo "2418"]
[WhiteFideId "26082284"]
[BlackFideId "600059"]
[EventDate "2020.05.16"]

1. e4 c6 2. d4 d5 3. Nc3 dxe4 4. Nxe4 Nd7 5. Nf3 Ngf6 6. Nxf6+ Nxf6 7. Bd3 g6 8.
O-O Bg7 9. c4 O-O 10. h3 Qd6 11. b3 Rd8 12. Re1 c5 13. Ba3 b6 14. Bc2 Bb7 15. d5
b5 16. Qe2 bxc4 17. bxc4 Ba6 18. Rad1 Qf4 19. Qxe7 Bxc4 20. d6 Nd5 21. Qe4 Qxe4
22. Bxe4 Rxd6 23. Bxc5 Rdd8 24. Bd4 Bxa2 25. Bxg7 Kxg7 26. Rd2 f5 27. Rxa2 fxe4
28. Rxe4 Nc3 29. Re7+ Kf6 30. Raxa7 Rxa7 31. Rxa7 Rd1+ 32. Kh2 h5 33. g4 hxg4
34. hxg4 Ne4 35. Kg2 Rb1 36. Ra6+ Kg7 37. Re6 Nc5 38. Rc6 Nd3 39. Rd6 Nf4+ 40.
Kg3 Ne2+ 41. Kg2 Nf4+ 42. Kg3 Ne2+ 43. Kg2 Nf4+ 1/2-1/2

[Event "ch-FRA Blitz Online Qual"]
[Site "Europe-Chess INT"]
[Date "2020.05.16"]
[Round "7"]
[White "Vaisser, Anatoly"]
[Black "Lardon, Quentin"]
[Result "1-0"]
[WhiteTitle "GM"]
[WhiteElo "2504"]
[BlackElo "2013"]
[WhiteFideId "603252"]
[BlackFideId "36050407"]
[EventDate "2020.05.16"]

1. d4 g6 2. e4 Bg7 3. c4 e6 4. Nc3 Ne7 5. Nf3 c6 6. h4 h5 7. e5 d5 8. Bg5 Bd7 9.
Bd3 Qa5 10. O-O Na6 11. a3 dxc4 12. Bxc4 Nd5 13. Ne4 O-O 14. Bxd5 Qxd5 15. Nf6+
Bxf6 16. Bxf6 Nc7 17. Qd2 Kh7 18. Ng5+ Kg8 19. Qe3 Ne8 20. Be7 Ng7 21. Bxf8 Rxf8
22. Ne4 Nf5 23. Nf6+ Kg7 24. Nxd5 1-0

[Event "ch-FRA Blitz Online Qual"]
[Site "Europe-Chess INT"]
[Date "2020.05.16"]
[Round "7"]
[White "Parligras, Mircea-Emilian"]
[Black "Baroyan, Davit"]
[Result "1-0"]
[WhiteTitle "GM"]
[WhiteElo "2591"]
[BlackElo "2218"]
[WhiteFideId "1204297"]
[BlackFideId "26033607"]
[EventDate "2020.05.16"]

1. e4 c5 2. Nf3 Nc6 3. d4 cxd4 4. Nxd4 Nf6 5. Nc3 d6 6. Bc4 Qb6 7. Nb3 e6 8. a4
Be7 9. a5 Qc7 10. Bd3 Ne5 11. O-O Nxd3 12. cxd3 d5 13. Be3 O-O 14. Rc1 dxe4 15.
Nd5 Qd8 16. Nxe7+ Qxe7 17. Bc5 Qd8 18. Bxf8 Qxf8 19. dxe4 Nxe4 20. Qd4 Nf6 21.
Rfd1 Bd7 22. Rc7 Bc6 23. a6 Qb8 24. axb7 Bxb7 25. Rc3 Nd5 26. Rg3 f6 27. Nc5 Bc8
28. Qg4 Qc7 29. Nxe6 Qd7 30. Rxd5 Qxe6 31. Qxg7# 1-0

[Event "ch-FRA Blitz Online Qual"]
[Site "Europe-Chess INT"]
[Date "2020.05.16"]
[Round "7"]
[White "Gautier, Nathan"]
[Black "Glek, Igor"]
[Result "0-1"]
[BlackTitle "GM"]
[WhiteElo "2064"]
[BlackElo "2475"]
[WhiteFideId "26093030"]
[BlackFideId "4100484"]
[EventDate "2020.05.16"]

1. e4 c5 2. Nf3 a6 3. d4 cxd4 4. Nxd4 Nf6 5. Nc3 e5 6. Nde2 Bc5 7. h3 Qb6 8. Be3
Bxe3 9. fxe3 Qxe3 10. Qd3 Qxd3 11. cxd3 d6 12. g4 Be6 13. Bg2 Nc6 14. O-O h6 15.
Nd5 Bxd5 16. exd5 Nb4 17. d4 e4 18. Nc3 Nc2 19. Rac1 Nxd4 20. Rce1 O-O 21. Nxe4
Nxe4 22. Rxe4 Nb5 23. Re7 Rab8 24. a4 Nd4 25. Rf4 Nb3 26. Rc4 a5 27. Rcc7 Nc5
28. b3 Nxb3 29. Rxb7 Rxb7 30. Rxb7 Nc5 31. Ra7 Nxa4 32. Rxa5 Nc5 33. Ra7 Rd8 34.
Kf2 Kf8 35. Kg3 Rd7 36. Ra8+ Ke7 37. h4 Kf6 38. Kf4 g5+ 39. hxg5+ hxg5+ 40. Ke3
Rb7 41. Rd8 Rb3+ 42. Kd4 Rb4+ 43. Kc3 Rxg4 44. Rd7 Nxd7 0-1